| 000 | 01045nam a22002771a 4500 | ||
|---|---|---|---|
| 001 | 4719721 | ||
| 005 | 20110718132854.0 | ||
| 008 | 830330s1983 enka b 001 0 eng | ||
| 010 | _a83131882 | ||
| 020 |
_a0856682217 _c£20.00 |
||
| 035 | _9(DLC) 83131882 | ||
| 040 |
_aDLC _cDLC _dDLC |
||
| 043 | _af-ua--- | ||
| 050 | 0 | 0 |
_aTP804.E3 _bK33 1983 |
| 082 | 0 | 0 |
_aTP 804.E3 K33 1983 _219 |
| 100 | 1 | _aKaczmarczyk, Alexander. | |
| 245 | 1 | 0 |
_aAncient Egyptian faience : an analytical survey of Egyptian faience from Predynastic to Roman times / _cAlexander Kaczmarczyk & Robert E.M. Hedges ; with a foreword by P.R.S. Moorey and an appendix by P. Vandiver. _h[Text] |
| 260 |
_aWarminster, England _bAris & Phillips _cc1983 |
||
| 300 | _a637 p. in various pagings : ill. ; 24 cm. | ||
| 500 | _aIncludes index. | ||
| 504 | _aIncludes index. | ||
| 650 | 0 | _aFaith movement (Hagin) | |
| 700 | 1 | _aHedges, Robert E. M. | |
| 906 |
_a7 _bcbc _corignew _d3 _encip _f19 _gy-gencatlg |
||
| 991 |
_bc-GenColl _hTP804.E3 _iK33 1983 _p0005812798A _tCopy 1 _wBOOKS |
||
| 999 |
_c38990 _d38990 |
||